=LDR 00000nam 2200000 4500 =001 INLIS000000000017142 =005 20230221024948 =035 ##$$a 0010-061300000017142 =008 230221###########################0###### =041 ##$$a Ind =082 ##$$a 338.5 =090 ##$$a 338.5, Yus t =100 ##$$a Joesron, Tati Suhartati =245 1#$$a Teori Ekonomi Mikro : $b Dilengkapi Beberapa Bentuk Fungsi Produksi /$c Dr. Tati Suhartati Joesron, M. Fathorrazi SE =260 ##$$a Jakarta :$b Salemba Empat,$c 2003 =300 ##$$a 197 hlm ; $c 26 cm =650 #4$$a Ekonomi Mikro =850 ##$$a NBPNMAT =020 ##$$a 979-691-148-5 =084 ##$$a 338.5 JOE t =990 ##$$a 0001/BPAP-NTB/2016 =990 ##$$a 0001/BPAP-NTB/2016 =990 ##$$a 0001/BPAP-NTB/2016